=LDR 00000nam 2200000 4500 =001 INLIS000000000022670 =005 20130612121415 =008 ***********************************Ind** =035 ##$$a0010-061300000022670 =041 ##$$a Ind =082 ##$$a 639.2 =090 ##$$a 639.2, Wiy-l =100 ##$$a Wiyanto, R. Hondo =245 ##$$a Lobster air tawar, Pembenihan dan pembesaran, R. Hondo Wiyanto, Rudi Hartono =260 ##$$a 2005 $b Jakarta =300 ##$$a viii, 80 hlm., ilus, 23 cm =650 ##$$a Lobster (ikan) =850 ##$$a NBPNMAT =990 ##$$a 0001/BPAP-NTB/20142014 =990 ##$$a 0001/BPAP-NTB/20142014